| 000 | 01224nam a2200265Ia 4500 | ||
|---|---|---|---|
| 999 |
_c38487 _d38487 |
||
| 001 | 4500 | ||
| 003 | GE_BSU | ||
| 005 | 20191017101720.0 | ||
| 008 | 181216s2012||||ge |||||||||||||| ||geo|| | ||
| 040 | _cGE_BSU | ||
| 041 | _ageo | ||
| 080 | _a51(063) ს–32 | ||
| 245 |
_aსაქართველოს მათემატიკოსთა კავშირი : _b3, 2012, თეზისების კრებული, ბათუმი, 2-9 სექტემბერი / |
||
| 264 |
_aბათუმი, _c2012. |
||
| 300 |
_a221 გვ. _bფოტ. ; _c29 სმ. |
||
| 500 | _aტექსტი ქართ. და ინგლ. | ||
| 653 | _aმათემატიკა | ||
| 653 | _aკონფერენციები; | ||
| 700 |
_aბაერისვილი, დიონის _eავტორი _94784 |
||
| 700 |
_aბალაძე, ვლადიმერ _eავტორი _94118 |
||
| 700 |
_aჩობანიანი, სერგეი _eავტორი _94785 |
||
| 700 |
_aლევენტალი, შლომო _94786 |
||
| 700 |
_a გორდეზიანი, დავით და სხვ. _eავტორი _94787 |
||
| 942 |
_cBK _2udc |
||